000
00300nam a22001097a 4500
082
_a
530
100
_a
P.W.
_9
83076
245
_a
JEE ADVANCED 47 Years (2024-1978) Chapter Wise & Topic Wise Solved Papers PHYSICS
260
_b
Physics Wallah Publication
_c
2024
650
_a
Physics
942
_c
C. BOOKS
999
_c
67847
_d
67847